Código procesal civil y comercial de la nación; comentado... tomo 1 //
Guardado en:
| Autor Principal: | |
|---|---|
| Formato: | Libro |
| Publicado: |
Buenos Aires :
Astrea,
19851
|
| Etiquetas: |
Agregar Etiqueta
Sin Etiquetas, Sea el primero en etiquetar este registro!
|
| LEADER | 00435nam a22001335a 4500 | ||
|---|---|---|---|
| 001 | CEM.cems002401 | ||
| 005 | 20060217000000.0 | ||
| 008 | 130507b######################000#0#####d | ||
| 003 | CEMS | ||
| 082 | 0 | 4 | |a 345.982 |
| 100 | 1 | |a Fenochietto, Carlos Eduardo | |
| 245 | 1 | 0 | |a Código procesal civil y comercial de la nación; comentado... tomo 1 // |
| 260 | |a Buenos Aires : |b Astrea, |c 19851 | ||
| 859 | |a CEMS |b BIB. CEMS - 11 de abril |h 345.982 |i F498/1 |p 13812.86 |t Ej.1 | ||
